| 000 | 00344nam a2200133 i 4500 | ||
|---|---|---|---|
| 001 | 44605 | ||
| 003 | ES-MaACL | ||
| 007 | t| | ||
| 008 | 030321s1848 be ||||1| fre d | ||
| 100 | 1 |
_aClesse, Antoine. _939239 |
|
| 245 | 1 | 0 |
_aChansons nouvelles / _cAntoine Clesse. |
| 260 |
_aMons : _bVÂș A. Leloucher, _c1848. |
||
| 852 |
_aES-MaACL _jT-220-F-3 |
||
| 999 |
_c44605 _d44605 |
||